000
00256nam a2200109Ia 4500
008
200302s9999 xx 000 0 und d
100
_a
Michael Littlewood
245
_a
Tree Detailing
260
_b
Butterworth Architecture
260
_c
1988
300
_a
213 P.,
999
_c
760
_d
760